Marvel Heroes by Classic Look - Statistics

General Stats
  • This quiz has been taken 73 times
  • The average score is 32 of 36
Answer Stats
Picture Answer % Correct
Daredevil
100%
Spider-Man
100%
Black Panther
98%
Captain America
98%
Hulk
98%
Iron Man
98%
She-Hulk
98%
Thor
98%
Doctor Strange
96%
Wolverine
96%
Cyclops
94%
Hawkeye
94%
Mister Fantastic
94%
Scarlet Witch
94%
Storm
94%
Thing
94%
Vision
94%
Beast
92%
Human Torch
92%
Silver Surfer
92%
Black Widow
90%
Falcon
90%
Invisible Woman
90%
Colossus
87%
Elektra
87%
Nightcrawler
87%
Angel
85%
Black Bolt
85%
Iceman
83%
Punisher
83%
Spider-Woman
81%
Namor the Sub-Mariner
79%
Emma Frost
77%
Phoenix
75%
Medusa
62%
Shang-Chi
58%
No matching quizzes found
Score Distribution
Percent of People with Each Score
Percentile by Number Answered
Your Score History
You have not taken this quiz